Music Quiz

Random Music or Album Quiz

Guns N' Roses Albums Quiz Stats

 Plays Quiz Updated Sep 5, 2019

Score 0/6 Timer 02:00
0 Plays Today
Year Album % Correct
1987Appetite for Destruction
93.6%
2008Chinese Democracy
83.7%
1991Use Your Illusion II
81.3%
1991Use Your Illusion I
81.2%
1993'The Spaghetti Incident?'
70.9%
1988G N' R Lies
62.9%

You're not logged in!

Compare scores with friends on all Sporcle quizzes.
OR
Log In

Sporcle TV

Today on Sporcle TV


Watch our educational content, quiz creation guides, and fun videos on Sporcle TV.

Show Comments

Extras

Top Quizzes Today


Score Distribution

Your Account Isn't Verified!

In order to create a playlist on Sporcle, you need to verify the email address you used during registration. Go to your Sporcle Settings to finish the process.

Report this User

Report this user for behavior that violates our Community Guidelines.

Details: